A la manera de Dios : (Registro nro. 7908)

Detalles MARC
000 -LEADER
fixed length control field 01055nam a2200313 a 4500
001 - CONTROL NUMBER
control field 000032438
003 - CONTROL NUMBER IDENTIFIER
control field DO-SdBNP
005 - DATE AND TIME OF LATEST TRANSACTION
control field 20151014103017.0
008 - FIXED-LENGTH DATA ELEMENTS--GENERAL INFORMATION
fixed length control field 100331s2012 dr a 001 0 spa d
020 ## - INTERNATIONAL STANDARD BOOK NUMBER
International Standard Book Number 9789945006162
040 ## - CATALOGING SOURCE
Original cataloging agency BPMSU
Language of cataloging spa
Transcribing agency BPMSU
092 ## - LOCALLY ASSIGNED DEWEY CALL NUMBER (OCLC)
Classification number 248.4
Item number B562m
100 1# - MAIN ENTRY--PERSONAL NAME
Personal name Betances, Juan
245 10 - TITLE STATEMENT
Title A la manera de Dios :
Remainder of title cómo experimentar el amor de Dios /
Statement of responsibility, etc. Juan Betances.
260 ## - PUBLICATION, DISTRIBUTION, ETC. (IMPRINT)
Place of publication, distribution, etc. Santo Domingo :
Name of publisher, distributor, etc. Amigo del Hogar,
Date of publication, distribution, etc. 2012
300 ## - PHYSICAL DESCRIPTION
Extent 155 p. :
Other physical details il. ;
Dimensions 24 cm.
650 #4 - SUBJECT ADDED ENTRY--TOPICAL TERM
Topical term or geographic name as entry element EDUCACIÓN CRISTIANA
650 #4 - SUBJECT ADDED ENTRY--TOPICAL TERM
Topical term or geographic name as entry element ENSEÑANZA BÍBLICA
650 #4 - SUBJECT ADDED ENTRY--TOPICAL TERM
Topical term or geographic name as entry element EDUCACIÓN RELIGIOSA
910 ## - USER-OPTION DATA (OCLC)
User-option data Validado. Control de calidad EMS
930 #1 - EQUIVALENCE OR CROSS-REFERENCE-UNIFORM TITLE HEADING [LOCAL, CANADA]
Language of a work BND01
Medium of performance for music LF1
Medium 248.4
Field link and sequence number 20130304
Date of a work 04
Name of part/section of a work HD
Miscellaneous information 34959
Medium e. 3
930 #1 - EQUIVALENCE OR CROSS-REFERENCE-UNIFORM TITLE HEADING [LOCAL, CANADA]
Language of a work BND01
Medium of performance for music LF1
Medium 248.4
Field link and sequence number 20130304
Date of a work 01
Name of part/section of a work HD
Miscellaneous information 34959
942 ## - ADDED ENTRY ELEMENTS (KOHA)
Source of classification or shelving scheme Dewey Decimal Classification
Koha item type Libros
956 ## - LOCAL ELECTRONIC LOCATION AND ACCESS (OCLC)
Host name DGARCIA
Access number 10
Compression information 20110718
Logon BND01
Processor of request 1013
956 ## - LOCAL ELECTRONIC LOCATION AND ACCESS (OCLC)
Host name YLOCKWARD
Access number 10
Compression information 20130304
Logon BND01
Processor of request 1453
956 ## - LOCAL ELECTRONIC LOCATION AND ACCESS (OCLC)
Host name VMATEO
Access number 10
Compression information 20130305
Logon BND01
Processor of request 0839
956 ## - LOCAL ELECTRONIC LOCATION AND ACCESS (OCLC)
Host name EMARRERO
Access number 40
Compression information 20131214
Logon BND01
Processor of request 1540
956 ## - LOCAL ELECTRONIC LOCATION AND ACCESS (OCLC)
Host name VMATEO
Access number 10
Compression information BMET02
Logon 20150611
Processor of request 00151
Existencias
Withdrawn status Lost status Source of classification or shelving scheme Damaged status Not for loan Collection code Home library Current library Date acquired Total Checkouts Full call number Barcode Date last seen Price effective from Koha item type Copy number
    Dewey Decimal Classification       Biblioteca Pública Metropolitana Salomé Ureña Biblioteca Pública Metropolitana Salomé Ureña 06/11/2015   248.4 B562m BPMSU15100101 06/11/2015 06/11/2015 Libros  
    Dewey Decimal Classification       Biblioteca Pública Metropolitana Salomé Ureña Biblioteca Pública Metropolitana Salomé Ureña 06/11/2015   248.4 B562m BPMSU15100102 06/11/2015 06/11/2015 Libros e. 2